| 000 | 01015cam a22002054a 4500 | ||
|---|---|---|---|
| 005 | 20250605164224.0 | ||
| 008 | 250528s ||||||||||||||||||||||||d | ||
| 035 | _a20807 | ||
| 020 | _a9781936133840 | ||
| 040 |
_aGR-AtMCL _bgre _dGR-AtMCL _eAACR2 |
||
| 245 | 1 | _aPresumption of Guilt / The Global Overuse of Pretrial Detention | |
| 260 | _c2014 | ||
| 300 | _a262 | ||
| 520 | _aThis book examines the full consequences of the Global overuse of pretrial detention. The Scope of Pretrial Detention Around the World: Its Extent and Cost, Who Are the World's Pretrial Detainees, Circumstances of Detention and Impact on Detainees and their Communities, The Causes of Arbitrary and Excessive Use of Pretrial Detention, The Implications for the Rule of Law, Reducing the Arbitrary and Excessive Use od Pretrial Detention, Conclusion, Bibliography, Endnotes. | ||
| 710 | 2 |
_aOpen Society Foundations _99797 |
|
| 710 | 2 |
_aOpen Society Justice Initiative _99798 |
|
| 942 | _cBK | ||
| 999 |
_c5889 _d5889 |
||